| 000 | 00699nam a2200217 i 4500 | ||
|---|---|---|---|
| 001 | bgj | ||
| 245 | 0 | 4 |
_aThe Oxford History of Britain / _cedited by Kenneth O. Morgan. |
| 250 | _a[Updated edition]. | ||
| 260 |
_aOxford : _bOxford University Press, _c1993. |
||
| 300 |
_aXII, 747 pp : _bmaps ; _c20 cm. |
||
| 504 | _aBibliography p. 664-684. | ||
| 505 | _aIncludes chronology, genealogies of royal lines, list of prime ministers 1721-1990 and index. | ||
| 651 | 9 |
_aGreat Britain _xHistory |
|
| 700 | 1 |
_aMorgan, Kenneth O. _eed. |
|
| 020 | _a0192852027 (pbk) | ||
| 040 | _cBPK | ||
| 041 | 0 | _aeng | |
| 920 | _a0-19-285202-7 (pbk) | ||
| 942 | _cKS | ||
| 008 | s uk f |000 0 eng | ||
| 999 |
_c47735 _d47735 |
||
| 856 |
_uhttp://koha.tu.koszalin.pl/cgi-bin/koha/opac-detail.pl?biblionumber=47735 _yKatalog online BPK |
||